00683cam a2200205 a 4500008004100000020002200041245015200063250001200215260003200227300003600259504004100295500002000336650002400356650002500380700002400405700002100429003000100450005001700451040000900468  a0815152434 (hbk.)00aClinical chemistry :btheory, analysis, and correlation /c[edited by] Lawrence A. Kaplan, Amadeo J. Pesce ; methods editor, Steven C. Kazmierczak. a3rd ed. aSt. Louis :bMosby,cc1996. axvii, 1211 p. :bill. ;c28 cm. aIncludes bibliographical references. aIncludes index. 0aClinical chemistry.12aChemistry, Clinical.1 aKaplan, Lawrence A.1 aPesce, Amadeo J.20230120204138.0 cNUST